| 000 | 00608cam a2200217 4500 | ||
|---|---|---|---|
| 001 | J117511 | ||
| 008 | 000000n2002 000 0 eng u | ||
| 035 | _a(Sirsi) u117511 | ||
| 050 | _a333.33709421 | ||
| 110 |
_aCluttons _92064 |
||
| 245 | _aSt James's update - Spring 2002 | ||
| 260 |
_aLondon _bCluttons _c2002 |
||
| 300 |
_a1 pt. _c30cm. |
||
| 650 | _aOFFICES | ||
| 650 | _aPROPERTY-COMMERCIAL PROPERTY-OFFICE PROPERTY-OFFICE PROPERTY MARKET | ||
| 650 | _aFLOORSPACE | ||
| 650 | _aRENTS | ||
| 650 | _aLONDON | ||
| 690 | _aPROPERTY-COMMERCIAL PROPERTY-COMMERCIAL PROPERTY MARKET | ||
| 942 | _n0 | ||
| 999 |
_c102012 _d102012 |
||